Elements of Business Mathematics (Record no. 4622)

MARC details
000 -LEADER
fixed length control field 00353nam a2200145Ia 4500
008 - FIXED-LENGTH DATA ELEMENTS--GENERAL INFORMATION
fixed length control field 191201s2019 xx 000 0 und d
082 ## - DEWEY DECIMAL CLASSIFICATION NUMBER
Classification number 510
Item number DIE
100 ## - MAIN ENTRY--PERSONAL NAME
Personal name DINODIA, Jonardan
245 #0 - TITLE STATEMENT
Title Elements of Business Mathematics
250 ## - EDITION STATEMENT
Edition statement 9th Rev
260 ## - PUBLICATION, DISTRIBUTION, ETC. (IMPRINT)
Place of publication, distribution, etc N. Delhi
Name of publisher, distributor, etc Jeevan Sons Publication
300 ## - PHYSICAL DESCRIPTION
Extent MISC
650 ## - SUBJECT ADDED ENTRY--TOPICAL TERM
Topical term or geographic name as entry element BBA
942 ## - ADDED ENTRY ELEMENTS (KOHA)
Source of classification or shelving scheme Dewey Decimal Classification
Koha item type Text Books
Holdings
Withdrawn status Lost status Source of classification or shelving scheme Damaged status Not for loan Collection code Home library Current library Date acquired Source of acquisition Cost, normal purchase price Bill Number Total Checkouts Full call number Acc. no. / Barcode Checked out Date last seen Date last borrowed Bill Date Koha item type
    Dewey Decimal Classification     BBA PIET C-LIBRARY PIET C-LIBRARY 11/08/2010 The book company 225.00 IN-2687 1 510 DIE 16167 18/11/2020 04/11/2020 04/11/2020 07/08/2010 Text Books
    Dewey Decimal Classification     BBA PIET C-LIBRARY PIET C-LIBRARY 11/08/2010 The book company 225.00 IN-2687   510 DIE 16168   04/12/2019   07/08/2010 Text Books
    Dewey Decimal Classification     BBA PIET C-LIBRARY PIET C-LIBRARY 11/08/2010 The book company 225.00 IN-2687 6 510 DIE 16169   27/02/2023 06/02/2023 07/08/2010 Text Books
    Dewey Decimal Classification     BBA PIET C-LIBRARY PIET C-LIBRARY 11/08/2010 The book company 225.00 IN-2687 6 510 DIE 16170   18/02/2025 04/02/2025 07/08/2010 Text Books
    Dewey Decimal Classification     BBA PIET C-LIBRARY PIET C-LIBRARY 11/08/2010 The book company 225.00 IN-2687 1 510 DIE 16171   12/02/2020 11/02/2020 07/08/2010 Text Books
    Dewey Decimal Classification     BBA PIET C-LIBRARY PIET C-LIBRARY 11/08/2010 The book company 225.00 IN-2687 7 510 DIE 16172   07/05/2024 16/04/2024 07/08/2010 Text Books

Design & Developed by: PIET Central Library
R70 Miles Stone Pattikalyana Samalkha Panipat 132102
mail ID :- [email protected], Phone No:- 0180-2569700 Ex.216